Les villes des provinces belges -> Anvers - Map Quiz - Statistiques

Statistiques générales
  • Ce quiz a été pris 22 fois
  • Le résultat moyen est 7 sur 12
Réponses sur la Carte
Les réponses sont colorées sur une échelle allant du rouge au vert en fonction du pourcentage des utilisateurs qui les ont devinées à leur premier essai. Vous pouvez retrouver ces pourcentages ci-dessous.
 
Statistiques - réponses
Réponse % Correct
Anvers
93%
Malines
93%
Willebroek
71%
Brasschaat
57%
Turnhout
57%
Geel
50%
Hoogsrtaten
50%
Lierre
50%
Mol
50%
Essen
43%
Herentals
36%
Putte
29%
Aucun quiz correspondant
Distribution des résultats
% des personnes avec chaque résultat
Percentile par nombre de réponses
Votre historique - résultats
Vous n’avez pas pris ce quiz